| 000 | 01691nam a22002897i 4500 | ||
|---|---|---|---|
| 999 |
_c23651 _d23651 |
||
| 003 | AR-CdUCM | ||
| 008 | 260428b 2022 do||| |||| 00| 0 spa d | ||
| 020 | _a978-9972-46-703-5 | ||
| 040 |
_aMUNICIPALIDAD PROVINCIAL DEL CUSCO _cBIBLIOTECA MUNICIPAL DEL CUSCO |
||
| 041 | _hspa | ||
| 082 |
_27ª Ed. _a618.2 _bP13 |
||
| 100 |
_aPacheco Romero, José _952762 |
||
| 245 | _aManual de obstetricia / | ||
| 260 |
_aLima, Perú : _bUniversidad Nacional Mayor de San Marcos _c2022 |
||
| 300 |
_a398 páginas. : _c17x24 cm. |
||
| 500 | _zBibliografía: páginas del 25 - 26, 38 - 39 | ||
| 505 | _aIntroducción a la obstetricia -- Anatomía y fisiología del aparato reproductor femenino -- Fecundación, implantación y desarrollo embrionario -- Cambios fisiológicos durante el embarazo -- Control prenatal y evaluación materna -- Nutrición en la gestante -- Diagnóstico del embarazo -- Complicaciones del embarazo temprano -- Hemorragias en el embarazo -- Trastornos hipertensivos del embarazo -- Diabetes gestacional -- Infecciones durante el embarazo -- Trabajo de parto: fases y mecanismos -- Atención del parto normal -- Parto complicado y distocias -- Cesárea: indicaciones y técnica -- Puerperio normal y patológico -- Atención del recién nacido -- Emergencias obstétricas -- Mortalidad materna y perinatal -- Planificación familiar y salud reproductiva | ||
| 650 |
_aObstetricia _929543 |
||
| 650 |
_aEmbarazo _932421 |
||
| 650 |
_aParto _924974 |
||
| 650 |
_aComplicaciones del embarazo _952763 |
||
| 650 |
_aSalud materna _924973 |
||
| 650 |
_aRecién nacido _952764 |
||
| 856 | _ffondoeditorial.unmsm.edu.pe | ||
| 942 |
_2ddc _cLIBROS |
||
| 945 |
_aesh _d28-04.2026 |
||